| 000 | 01367nam a2200349 i 4500 | ||
|---|---|---|---|
| 001 | 194732 | ||
| 003 | SpMaBN | ||
| 005 | 20250716034708.0 | ||
| 007 | ta | ||
| 008 | 2024 s1934 sp j spa | ||
| 016 | 7 |
_abimoBNE19982518499 _zIND9200424674 _2SpMaBN |
|
| 035 | _a(OCoLC)740339531 | ||
| 035 | _abimo0001004593 | ||
| 040 |
_aSpMaBN _bspa _cA2 _dSpMaBN _eES-MaACL |
||
| 080 | _a821.111-32"18" | ||
| 100 | 1 |
_aHornung, E. W., _d1866-1921 _0XX1724862 _9236375 |
|
| 245 | 1 | 3 |
_aEl principe de los ladrones : _b(novela policiaca) / _cpor Ernesto W. Hornung. |
| 260 |
_aMadrid : _bRevista Literaria "Novelas y cuentos", _c1934. |
||
| 300 |
_a24 p. ; _c31 cm |
||
| 336 |
_2rdacontent _atexto |
||
| 337 |
_2rdamedia _asin mediación |
||
| 338 |
_2rdacarrier _avolumen |
||
| 490 | 1 |
_aRevista literaria "Novelas y cuentos" ; _vaño 6, n. 281 |
|
| 500 | _aIncluye La fuente de los lobos, de Arsenio Houssaye | ||
| 773 |
_aObras encuadernadas juntas _gG-15980 _0194566 _9202192 |
||
| 830 | 0 |
_aRevista literaria "Novelas y cuentos" _vaño 6, n. 281 _9236217 |
|
| 852 |
_aES-MaACL _cDEPO2 _jG-15980(17) _hLegado: Juan Antonio Porto _xEncuadernado con otras obras formando un volumen facticio _9202192 |
||
| 942 |
_n0 _cFOLLETOS |
||
| 999 |
_c194732 _d194732 |
||